000 00749nam a2200205Ii 4500
003 JO-AjNU
008 230605s9999||||xx |||||||||||||| ||und||
017 _a1990/10/659
040 _aJO-AjNU
_bara
_erda
_cJO-AjNU
041 _aara
050 1 4 _aQA276.A286 2002
100 3 _aتأليف أبو صالح، محمد صبحي ، م.مشارك عدنان محمد عوض,
_eauthor
_957109
245 0 0 _aمقدمة في الاحصاء=Introduction to Statistics
264 3 1 _aعمان: مركز الكتب الاردني، 2002
300 _a339ص
_bيحتوي ببلوغرافية من ص 316-339ص
336 _atext
_btxt
_2rdacontent
337 _aunmediated
_bn
_2rdamedia
338 _avolume
_bnc
_2rdacarrier
650 4 _aاحصاء
_957110
999 _aA25572
_c29140
_d29140